Solutions manual and supplementary materials for econometric analysis of cross section and panel data
Gespeichert in:
| 1. Verfasser: | |
|---|---|
| Format: | Buch |
| Sprache: | Englisch |
| Veröffentlicht: |
Cambridge
<The> MIT Press
2003
|
| Schlagworte: | |
| Tags: |
Keine Tags, Fügen Sie das erste Tag hinzu!
|
MARC
| LEADER | 00000nam a2200000 4500 | ||
|---|---|---|---|
| 001 | 0143535 | ||
| 005 | 20240313133517.8 | ||
| 020 | |a 978-0-262-23233-3 | ||
| 020 | |a 0-262-23233-2 | ||
| 041 | 0 | |a eng | |
| 044 | |a US | ||
| 245 | 1 | 0 | |a Solutions manual and supplementary materials for econometric analysis of cross section and panel data |c Jeffrey M. Wooldridge |
| 264 | 1 | |a Cambridge |b <The> MIT Press |c 2003 | |
| 300 | |a 211 s. | ||
| 610 | 2 | 0 | |a ekonometria |
| 610 | 2 | 0 | |a analýzy |
| 610 | 2 | 0 | |a metódy ekonometrické |
| 610 | 2 | 0 | |a výskum |
| 610 | 2 | 0 | |a odhad štatistický |
| 610 | 2 | 0 | |a modely lineárne |
| 100 | 1 | |a Wooldridge, Jeffrey M. | |